Statistiken für Zufällige Schweizer Städte nach Kanton

Klicken Sie hier um das Quiz zu spielen!

Allgemein

  • Dieses Quiz wurde 394 mal gespielt
  • Das Durchschnittsergebnis liegt bei 14 aus 18

Antwortstatistiken

EinwohnerStadtKanton% Korrekt
20'445AarauAargau
100%
18'670BadenAargau
100%
175'131BaselBasel-Stadt
100%
39'998KönizBern
100%
140'634BernBern
100%
12'555SpiezBern
100%
15'998BurgdorfBern
100%
12'967Muri bei BernBern
100%
14'183LyssBern
100%
38'288FreiburgFreiburg
100%
30'919LancyGenf
100%
194'565GenfGenf
100%
12'445GlarusGlarus
100%
17'587GlarusGlarus
100%
34'547ChurGraubünden
100%
81'284LuzernLuzern
100%
33'641NeuenburgNeuenburg
100%
35'927SchaffhausenSchaffhausen
100%
14'785SchwyzSchwyz
100%
26'875Rapperswil-JonaSt. Gallen
100%
14'929MendrisioTessin
100%
15'803LocarnoTessin
100%
63'668LuganoTessin
100%
18'131BellinzonaTessin
100%
12'814AmriswilThurgau
100%
17'409MontheyWallis
100%
23'938WetzikonZürich
100%
18'895BülachZürich
100%
396'027ZürichZürich
100%
17'173OpfikonZürich
100%
33'412UsterZürich
100%
26'277DietikonZürich
93%
53'667Biel/BienneBern
92%
11'646MünsingenBern
91%
11'105Chêne-BougeriesGenf
91%
14'949EinsiedelnSchwyz
91%
16'480GrenchenSolothurn
91%
75'310St. GallenSt. Gallen
91%
18'053GossauSt. Gallen
91%
10'659RomanshornThurgau
91%
19'738NyonWaadt
91%
11'275PfäffikonZürich
91%
15'316LangenthalBern
90%
12'010RütiZürich
90%
16'288Illnau-EffretikonZürich
90%
11'423WorbBern
89%
12'781EbikonLuzern
89%
10'433Le LocleNeuenburg
89%
23'715WilSt. Gallen
89%
24'578FrauenfeldThurgau
89%
15'601PrattelnBasel-Landschaft
88%
10'281Plan-les-OuatesGenf
88%
20'910CarougeGenf
88%
10'799HinwilZürich
88%
15'373WallisellenZürich
88%
34'477VernierGenf
86%
10'232SarnenObwalden
86%
16'545SolothurnSolothurn
86%
19'220VeveyWaadt
86%
26'759DübendorfZürich
86%
43'303ThunBern
85%
17'350OltenSolothurn
85%
15'446WohlenAargau
83%
29'292EmmenLuzern
83%
15'981FreienbachSchwyz
83%
12'935Brig-GlisWallis
83%
28'603ZugZug
83%
12'533ZollikonZürich
83%
11'040SpreitenbachAargau
82%
12'485DelsbergJura
82%
10'854Val-de-TraversNeuenburg
82%
33'296SittenWallis
82%
12'033Le Grand-SaconnexGenf
80%
11'136DavosGraubünden
80%
16'399Val-de-RuzNeuenburg
80%
12'695UzwilSt. Gallen
80%
18'373KlotenZürich
80%
13'956LiestalBasel-Landschaft
78%
39'027La Chaux-de-FondsNeuenburg
78%
10'331Neuhausen am RheinfallSchaffhausen
78%
29'406Yverdon-les-BainsWaadt
78%
135'629LausanneWaadt
78%
21'245WädenswilZürich
77%
12'897RheinfeldenAargau
75%
20'221WettingenAargau
75%
11'210ZofingenAargau
75%
13'057VersoixGenf
75%
11'301ArthSchwyz
75%
21'290KreuzlingenThurgau
75%
20'446RenensWaadt
75%
16'547SidersWallis
75%
23'228BaarZug
75%
13'329MeilenZürich
75%
13'035RichterswilZürich
75%
11'250IttigenBern
73%
20'774RiehenBasel-Stadt
71%
16'694OstermundigenBern
71%
10'999VeyrierGenf
71%
13'813HorwLuzern
71%
18'437VolketswilZürich
71%
11'039WeinfeldenThurgau
70%
10'537MännedorfZürich
70%
17'631ThalwilZürich
70%
13'849KüsnachtZürich
69%
10'746MöhlinAargau
67%
11'104BruggAargau
67%
10'313BirsfeldenBasel-Landschaft
67%
11'466BelpBern
67%
21'464BulleFreiburg
67%
21'993MeyrinGenf
67%
10'323FlawilSt. Gallen
67%
12'187BuchsSt. Gallen
67%
26'208MontreuxWaadt
67%
12'058PrillyWaadt
67%
17'342MartignyWallis
67%
15'523ChamZug
67%
20'033HorgenZürich
67%
17'478RegensdorfZürich
67%
106'778WinterthurZürich
67%
27'229KriensLuzern
64%
11'552Affoltern am AlbisZürich
64%
15'512HerisauAppenzell Ausserrhoden
60%
12'164EcublensWaadt
60%
17'624PullyWaadt
60%
18'448AdliswilZürich
60%
10'097ZollikofenBern
57%
10'917OberwilBasel-Landschaft
54%
15'092BinningenBasel-Landschaft
50%
15'703SteffisburgBern
50%
13'971ThônexGenf
50%
18'305OnexGenf
50%
11'273AltstättenSt. Gallen
50%
12'597GlandWaadt
50%
11'197La Tour-de-PeilzWaadt
50%
13'955StäfaZürich
50%
11'404BassersdorfZürich
50%
11'882MünchensteinBasel-Landschaft
44%
14'128ArbonThurgau
44%
10'036RischZug
44%
12'137Villars-sur-GlâneFreiburg
43%
17'905SchlierenZürich
43%
20'411AllschwilBasel-Landschaft
38%
13'210OftringenAargau
33%
15'465MorgesWaadt
33%
12'395KüssnachtSchwyz
30%
17'538MuttenzBasel-Landschaft
25%
18'810ReinachBasel-Landschaft
18%
10'155AeschBasel-Landschaft
13%

Verteilung der Resultate

Perzentil nach korrekt beantworteten Fragen

Anzahl Personen mit jedem Resultat

Ihre Resultats-Entwicklung

Sie haben dieses Quiz noch nicht gespielt